LDR 00826naa#a2200205#i#450# 001 EN\\bibl\118697 005 20260417083855.5 011 ## _a1994-4683 100 ## _a20230428b2023####ek#y0engy0150####ca 102 ## _aRU 200 1# _aON THE NEED FOR THE FORMATION OF STRONG-WILLED QUALITIES OF MILITARY PERSONNEL BY MEANS OFPHYSICAL TRAINING _eJournal article 210 1# _aMoscow _cNational State University of Physical Education, Sports and Health named after P.F. Lesgaft _d2023 215 ## _a4 с. 608 ## _aJournal article _2local 675 ## _aФилософские и научно-теоретические основы физической культуры и спорта. 796.011 _z 700 #1 _aIvanov _gE A 700 #1 _aYAkovlev _gG A 700 #1 _aBeletskiy _gM I 700 #1 _aMakhsudyan _gA G 856 4# _auchzapiski.lesgaft.spb.ru _u